| 000 | 01136nam a22003137a 4500 | ||
|---|---|---|---|
| 001 | 000359 | ||
| 003 | DO-SdBNP | ||
| 005 | 20171116121552.0 | ||
| 007 | 000359 | ||
| 008 | 160705b 2000 ck xxu||||| |||| 00| 0 spa d | ||
| 020 | _a9583006688 | ||
| 040 |
_aBPMSU _bspa _cBPMSU |
||
| 082 | 4 |
_a843.8 _bV531i |
|
| 100 | 1 |
_aVerne, Julio, _d1828-1905. |
|
| 240 | 1 | 0 |
_a L'île mystérieuse. _lEspañol |
| 245 | 1 | 3 |
_aLa isla misteriosa / _cJulio Verne ; texto abreviado de Miguel Arteche ; ilustraciones de Andrés Jullian. |
| 260 |
_aBogotá, D.C. : _bPanamericana, _c2000. _g(7a. reimpresión 2008) |
||
| 300 |
_a326 p. : _b il. ; _c21 cm. |
||
| 500 | _aIncluye datos biográficos de la autor en la solapa de la cubierta. | ||
| 500 | _aTítulo original en francés: L'île mystérieuse. | ||
| 650 | 4 | _aNOVELA JUVENIL FRANCESA | |
| 650 | 4 | _aLITERATURA JUVENIL FRANCESA | |
| 700 | 1 | 2 |
_aArteche, Miguel, _d1926- _etr. |
| 700 |
_a Jullian, Andrés, _eil. |
||
| 910 | _aValidado. Control de calidad MFF | ||
| 942 |
_2ddc _cBK |
||
| 945 | _aInventariado extranjero / 2017 VM | ||
| 956 |
_2LOPEREZ _310 _620160705 _8BPMSU _a00041 |
||
| 999 |
_c10702 _d10702 |
||